Countries Without the Letters in "NEPAL" - Statistics

General Stats
  • This quiz has been taken 13 times
    6 since last reset
  • The average score is 5 of 6
Answer Stats
Continents Countries % Correct
Oceania Fiji
100%
Africa Comoros
80%
Africa Djibouti
80%
Europe Kosovo
80%
Africa Togo
80%
Africa Morocco
60%
No matching quizzes found
Score Distribution
Percent of People with Each Score
Percentile by Number Answered
Your Score History
You have not taken this quiz since the last reset